=LDR 00000nam 2200000 4500 =001 INLIS000000000035659 =005 20130612141511 =008 ***********************************inD** =035 ##$$0010-061300000035659 =041 ##$$a inD =082 ##$$a 904 =090 ##$$a 904, cAW S =100 ##$$a cAWTHORNE,nIGEL =245 ##$$a 100 Bencana yang Mengguncang Dunia, Nigel Cawthorne =260 ##$$a 2008 $b jakarta =300 ##$$a 236 hlm., ilus., 30 cm =850 ##$$a NBPNMAT